000 01254nam a2200277Ia 4500
999 _c5351
_d5351
003 OSt
005 20200611104747.0
008 191128s2008 ck fr 000 0 spa d
020 _a9789586485586
040 _aCO-JMCR
_cCO-JMCR
041 0 _aspa
082 0 4 _a330.02 /
_bU537e
_223
110 1 _aColombia.
_bUniversidad del Tolima
_95487
245 1 0 _aEnsayos sobre economía :
_b10 años del programa de economía /
_cUniversidad del Tolima
250 _aPrimera edición
260 _aBogotá :
_bEcoe,
_c2008
300 _aix, 167 páginas ;
_c24 cm.
490 0 _aCiencias administrativas. Economía
505 0 _aLa diversidad de la organización cooperativa. Ideas desde el debate italiano -- Propuesta de un modelo de sistema de información para el análisis de las finanzas públicas, como contribución a la competitividad empresarial
520 _aEnsayos sobre Economía compila seis artículos elaborados por tres profesores de planta, un egresado y dos profesores internacionales. Dentro de los temas abordados por los profesores de planta se encuentran los relacionados.
650 1 4 _aEconomía
_95488
650 1 4 _aCooperativismo
_95489
650 1 4 _aGlobalización
_95490
650 1 4 _aDemocracia
_95491
942 _2ddc
_cBK